| 000 | 01055cab a2200337 4500 | ||
|---|---|---|---|
| 001 | ABS46653 | ||
| 008 | 090401t1992 xxu||||| |||| 00| 0 eng d | ||
| 035 | _a(Sirsi) u59022 | ||
| 041 | _aeng | ||
| 100 | _aGarner, J.F. | ||
| 245 | _aLand law 1900-1992 | ||
| 260 | _c1992 | ||
| 350 | _a0 | ||
| 490 |
_aNew Law Journal _v142(6555) 5 June 1992, 785(1) |
||
| 520 | _aDiscusses changes to English land law this century and looks forward to the next century and suggests changes which are needed. | ||
| 650 | _aCOMMON LAW | ||
| 650 | _aFEE SIMPLE | ||
| 650 | _aLAND CHARGES ACT 1925 | ||
| 650 | _aHM LAND REGISTRY | ||
| 650 | _aLAW OF PROPERTY (MISCELLANEOUS PROVISION) ACT | ||
| 650 | _aLAW OF PROPERTY ACT 1969 | ||
| 650 | _aLOCAL LAND CHARGES ACT 1975 | ||
| 650 | _aREGISTRATION | ||
| 650 | _aSETTLED LAND ACT 1925 | ||
| 650 | _aSTATUTORY CONVEYANCE | ||
| 650 | _aTOWN AND COUNTRY PLANNING ACT 1947 | ||
| 650 | _aTOWN AND COUNTRY PLANNING ACT 1990 | ||
| 690 | _aPROPERTY LAW AND PRACTICE | ||
| 942 | _n0 | ||
| 948 | _c04/03/1997 | ||
| 999 |
_c36136 _d36136 |
||